Complétez le titre de la chanson française avec une image - Statistiques

Statistiques générales
  • Ce quiz a été pris 126 fois
  • Le résultat moyen est 14 sur 16
Statistiques - réponses
Hint Extra Hint Réponse % Correct

Chanson

Joe le ____

Vanessa Paradis
images?q=tbn:ANd9GcS7xirUoAWmlABLdJKPK0HIT3y1nLNRoC4YFQ&s
93%

Chanson

____ le feu

Johnny Hallyday
images?q=tbn:ANd9GcS7xirUoAWmlABLdJKPK0HIT3y1nLNRoC4YFQ&s
91%

Chanson

____ la chemise

Zebda
images?q=tbn:ANd9GcS7xirUoAWmlABLdJKPK0HIT3y1nLNRoC4YFQ&s
90%

Chanson

Alexandrie ____

Claude François
images?q=tbn:ANd9GcS7xirUoAWmlABLdJKPK0HIT3y1nLNRoC4YFQ&s
90%

Chanson

La ____ de Dana

Manau
images?q=tbn:ANd9GcS7xirUoAWmlABLdJKPK0HIT3y1nLNRoC4YFQ&s
90%

Chanson

J't'emmène au ____

Louise Attaque
images?q=tbn:ANd9GcS7xirUoAWmlABLdJKPK0HIT3y1nLNRoC4YFQ&s
89%

Chanson

____-Seychelles

Julien Doré
images?q=tbn:ANd9GcS7xirUoAWmlABLdJKPK0HIT3y1nLNRoC4YFQ&s
88%

Chanson

____, je ne regrette rien

Édith Piaf
images?q=tbn:ANd9GcS7xirUoAWmlABLdJKPK0HIT3y1nLNRoC4YFQ&s
88%

Chanson

Les Amoureux des ____ publics

Georges Brassens
images?q=tbn:ANd9GcS7xirUoAWmlABLdJKPK0HIT3y1nLNRoC4YFQ&s
88%

Chanson

Mistral ____

Renaud
images?q=tbn:ANd9GcS7xirUoAWmlABLdJKPK0HIT3y1nLNRoC4YFQ&s
86%

Chanson

____-Kaboul

Renaud
images?q=tbn:ANd9GcS7xirUoAWmlABLdJKPK0HIT3y1nLNRoC4YFQ&s
85%

Chanson

Le ____

Nino Ferrer
images?q=tbn:ANd9GcS7xirUoAWmlABLdJKPK0HIT3y1nLNRoC4YFQ&s
79%

Chanson

On s'____

Christophe Maé
images?q=tbn:ANd9GcS7xirUoAWmlABLdJKPK0HIT3y1nLNRoC4YFQ&s
78%

Chanson

____ balance pas mal à Paris

France Gall
images?q=tbn:ANd9GcS7xirUoAWmlABLdJKPK0HIT3y1nLNRoC4YFQ&s
74%

Chanson

Mon ____

Daniel Guichard
images?q=tbn:ANd9GcS7xirUoAWmlABLdJKPK0HIT3y1nLNRoC4YFQ&s
74%

Chanson

Osez ____

Alain Bashung
images?q=tbn:ANd9GcS7xirUoAWmlABLdJKPK0HIT3y1nLNRoC4YFQ&s
66%
Aucun quiz correspondant
Distribution des résultats
% des personnes avec chaque résultat
Percentile par nombre de réponses
Votre historique - résultats
Vous n’avez pas pris ce quiz